Регионална библиотека "Любен Каравелов" - Русе

Избрани сценарии на световното кино. 1968 (Запис номер 186906)

MARC детайли
000 -Лидер
Контролно поле с фиксирана дължина nam a22 a 4500
003 - Код на организацията, давaща контролен номер
Контролно поле BLK
005 - Дата и час на последна редакция
Контролно поле 20220624130545.0
008 - Елементи от данни с фиксирана дължина
fixed length control field 180411b bul|||||r ||||||| ||bul||
010 ## - Наследен системен номер
LC control number KNG00195902000
040 ## - Източник на каталожния запис
Идентификатор на билиотеката - собственик на записа BLK
041 ## - Код за език
Код за езика на текст/звукозапис или на отделно заглавие Български
Код за езика КДБФ Български
080 ## - УДК
Текстов определител УДК Руска литература
УДК код - определител по УДК 821.161.1
УДК определител -293.7
УДК - код + определител 821.161.1-293.7
080 ## - УДК
Текстов определител УДК Литература на отделни езици и езикови семейства
УДК код - определител по УДК 821
УДК определител -293.7
УДК - код + определител 821-293.7
139 ## - Редно поле
Редна дума Избрани сценарии на световното кино. 1968
245 10 - Сведения за заглавието
Заглавие Избрани сценарии на световното кино. 1968
Редно поле (дума) Състав. Емил Томов Петров.
257 ## - Страна на издаване
Страна на създаване/издаване Сборници - Свят
260 ## - Област на издателските данни
Място на издаване, разпространение и проч. София
Име на издателя, разпространителя и проч. Наука и изкуство
Година на издаване 1969
9 (RLIN) 209548
Издателство - префикс ISBN 978-954-02-
300 ## - Физическа характеристика
Страници 423 с., 16 л.
Илюстрации и др. ил.
Размери/Мащаб 20 см
380 ## - Жанр
Жанр Худож. лит.
500 ## - Общи забележки
Забележка Кн. съдържа : Валентин Ежов и Григорий Чухрай / Балада за войника ; Тадеуш Конвицки и Ежи Кавалерович / Игуменката Йоана ; Бед Шулбърг / Лице в тълпата ; Клод Льолуш / Един мъж и една жена ; Л. Берланга, Р. Аскона, Е. Флайано / Палачът. - 7 090 тир.
700 1# - Други автори (авторска отговорност)
Лично име Петров, Емил Томов
Автороска отговорност (Описва отношението между автора и произведението) състав.
9 (RLIN) 376330
852 ## - Местоположение
Форматна сигнатура Цб 49261
Фондова буква Хранилище
856 4# - Електронен адрес и достъп
Електронен формат pdf - файл
856 4# - Електронен адрес и достъп
Електронен формат pdf - файл
999 ## - СИСТЕМНИ КОНТРОЛНИ НОМЕРА
Koha biblionumber 186906
Koha biblioitemnumber 186906
942 ## - АРТИКУЛИ
Вид на библиотечния материал Книги
Скрит в OPAC Не
Периодичен библиозапис Да
944 ## - СЪЗДАВАНЕ И РЕДАКЦИЯ на ЗАПИСА
Създаване/Редакция Създаване
Дата на регистрацията/редакция 14.11.2016
Статус, дата на статуса ф /
Служител, извършил регистрацията/редакцията Правда_Бадева
944 ## - СЪЗДАВАНЕ И РЕДАКЦИЯ на ЗАПИСА
Създаване/Редакция Редакция
Дата на регистрацията/редакция 2022-06-24
Служител, извършил регистрацията/редакцията Кети
999 ## - СИСТЕМНИ КОНТРОЛНИ НОМЕРА
Koha biblioitemnumber 186906
999 ## - СИСТЕМНИ КОНТРОЛНИ НОМЕРА
Koha biblioitemnumber 186906
Наличности
Код за отписване Код за изгубен артикул Източник на класификационната схема Код за повреда Коз за рестрикции Код за отдаване Артикулен № Име на библиотеката - собственик Име на библиотеката, в която се намира в момента Статус (Текущо местоположение) Дата на вписване в системата Местоположение - отдел Цена в лева Инвентарен номер Систематично азбучна сигнатура Баркод Номер на екземпляра Цена в евро Служебна бележка Служебен тип на артикула
  Не е изгубен Universal Decimal Classification Не е повреден само за читалня ползва се в читалня 325885 Регионална библиотека "Любен Каравелов" Русе Регионална библиотека "Любен Каравелов" Русе Хранилище 1969-01-01 Хранилище 2.24 54538 Цб 49261 120000054538 1 1.15 Дост: Dp Вид: Д N: стар фонд Дата: 01.01.1969 Книги
Изтеглен Не е изгубен Universal Decimal Classification Не е повреден без рестрикции заемане за дома 325886 Регионална библиотека "Любен Каравелов" Русе Регионална библиотека "Любен Каравелов" Русе Заемна - подръчен фонд 1969-01-01 Заемна - подръчен фонд 2.24 54653 П 882-2/П 47 54653 2 1.15 Дост: Pk Вид: Ф N: стар фонд Дата: 01.01.1969 Дата инв: 09.02.2018 Бележки инв: П2018 Книги
Vip Innovations Ltd, Rousse, Bulgaria 2025